• 首页
  • 本馆介绍
  • 公告通知
  • 最新文献
  • 馆藏检索
  • 电子资源
  • 读者导购
  • 参考咨询
  • 我的图书馆
  • 登录
  • 详细信息显示
  • 放入我的书架
  • 预约/预借图书
  • 作者相关作品
  • 分类相关作品
  • 丛书相关作品
  • 出版社相关作品

书目信息

  • 表格格式
  • 工作单格式
  • 卡片格式
题名:
悟园
    
 
作者: 安德顿 著 ;景璟 , 王宏飞 译
分册:  
出版信息: 武汉   华中科技大学出版社  2019
页数: 295页
开本: 25cm
丛书名:
单 册:
中图分类: K815.616 , K815.6
科图分类:
主题词: 园林设计--工程技术人员--生平事迹--世界
电子资源:
ISBN: 978-7-5680-4718-0
000 01534nam0 00301 450
001 2045556371
005 20201129123944.84
010    @a978-7-5680-4718-0@dCNY98.00
100    @a20190508d2019 em y0chiy50 ea
101 0  @achi
102    @aCN@b420000
105    @aa z 000yd
200 1  @a悟园@9wu yuan@b专著@e40位造园大师背后的故事@f(英)斯蒂芬·安德顿著@g景璟,王宏飞译
210    @a武汉@c华中科技大学出版社@d2019
215    @a295页@c图,照片@d25cm
305    @a由Thames & Hudson Ltd, 授权出版
312    @a版权页英文题名:Lives of the great gardeners
330    @a本书集结40位造园大师的生平及作品,分成四大类进行系统地组织整理,由古及今,内容详实。第一类是精神园林,讲究造园意匠,列举亚洲及欧洲的造园大师,利用各种自然元素,营造特殊的精神场所。第二类是用直线塑造的园林,书中对西方园林中规则式园林进行了梳理,结合了设计师自身的成长和游历过程,在作品中从各个角度为读者展现直线园林的美。第三类是用曲线塑造的园林,阐述了绘画艺术对于曲线在园林设计应用中的影响。第四类是园林中的植物元素,利用植物本身的特性构建园林,充分结合当地特色,利用植物的姿、色、香、韵,进行组织空间、改造地形。
510 1  @aLives of the great gardeners@zChinese
517 1  @a40位造园大师背后的故事@940wei zao yuan da shi bei hou de gu shi
606 0  @a园林设计@x工程技术人员@x生平事迹@y世界
690    @aK815.616@v5
690    @aK815.6@v4
701  0 @c(英)@a安德顿@9an de dun@c(Anderton, Stephen)@4著
702  0 @a景璟@9jing jing@4译
702  0 @a王宏飞@9wang hong fei@4译
801  2 @aCN@b58marc.cn@c20190515
905    @aZUCC@dK815.6@e3
    
    悟园:40位造园大师背后的故事/(英)斯蒂芬·安德顿著/景璟,王宏飞译.-武汉:华中科技大学出版社,2019
    295页:图,照片;25cm
    
    
    ISBN 978-7-5680-4718-0:CNY98.00
    本书集结40位造园大师的生平及作品,分成四大类进行系统地组织整理,由古及今,内容详实。第一类是精神园林,讲究造园意匠,列举亚洲及欧洲的造园大师,利用各种自然元素,营造特殊的精神场所。第二类是用直线塑造的园林,书中对西方园林中规则式园林进行了梳理,结合了设计师自身的成长和游历过程,在作品中从各个角度为读者展现直线园林的美。第三类是用曲线塑造的园林,阐述了绘画艺术对于曲线在园林设计应用中的影响。第四类是园林中的植物元素,利用植物本身的特性构建园林,充分结合当地特色,利用植物的姿、色、香、韵,进行组织空间、改造地形。
●
相关链接 在五车中查询图书 在当当中查询图书 在豆瓣中查询图书


正题名:悟园     索取号:K815.6/3         预约/预借

序号 登录号 条形码 馆藏地/架位号 状态 备注
1 873252   2000873252   第二书库/ [索取号:K815.6/3] 在馆    
2 873253   2000873253   第二书库/ [索取号:K815.6/3] 在馆    
3 873254   2000873254   第二书库/ [索取号:K815.6/3] 在馆    
山东省滨州职业学院图书馆 欢迎您!
大连网信软件有限公司© 版权所有